000 00696nam a22002177a 4500
003 UA-OsUOA
001 137614
007 ta
008 20190603b un ||||| |||| 00| 0 ukr d
100 _aКучеренко І.
090 _a81
_bК95
942 _cSA
040 _aUA-OsUOA
_bukr
_cUA-OsUOA
_dUA-OsUOA
245 _aФормування мовної особистості учня сучасної школи стилістичними засобами словотвору
300 _aС.3-9
955 _a0
041 _aukr
080 _a81
773 0 _w137612
650 7 _a8 Мовознавство. Художня література. Літературознавство
_2UDC
999 _c421441
_d421441